Duvar : (Record no. 15303)

MARC details
000 -BAŞLIK
Sabit Uzunlukta Kontrol Alanı 01495nam a22003857a 4500
999 ## - SİSTEM KONTROL NUMARALARI (KOHA)
Koha Biblionumber 15303
Koha Biblioitemnumber 15303
003 - KONTROL NUMARASI IDENTIFIER
Denetim Alanı MIRAKIL
005 - SON İŞLEM TARİHİ VE ZAMANI
Denetim Alanı 20240206175045.0
008 - SABİT-BOY VERİ ELEMANLARI - GENEL BİLGİLER
Sabit Uzunlukta Kontrol Alanı 240206b tu ||||| |||| 00| 0 tur d
020 ## - ULUSLARARASI STANDART KİTAP NUMARASI
Uluslararası Standart Kitap Numarası 9786057070234
040 ## - KATALOGLAMA KAYNAK
Orijinal Kataloglama Ajansı TR-AnCHP
Metne Dönüştürmek Ajansı TR-AnCHP
041 ## - DİL KODU
Metin / Ses Parça Veya Ayrı Başlığın Dil Kodu Türkçe
082 ## - DEWEY ONLU SINIFLANDIRMA NUMARASI
Sınıflandırma Numarası 603
Ürün Numarası Ş54D 2021
090 ## - SINIFLAMA NUMARASI
Sınıflama Numarası 603 Ş54D 2021
100 1# - ANA GİRİŞ - KİŞİSEL İSİM
Kişisel Ad Şık, Ahmet
245 10 - BAŞLIK TABLOSU
Başlık Duvar :
Başlığın Kalan Sedat Peker'in itiraf, ifşaat ve iddialarına ilişkin Türkiye İşçi Partisi araştırma raporu /
Sorumluluk Tablosu, Vb Ahmet Şık, Bahadır Özgür, Ertuğrul Mavioğlu, Hakkı Özdal, Timur Soykan
246 ## - UNVAN FORM VARYING
Başlık Doğru / Kısa Başlığı Sedat Peker'in itiraf, ifşaat ve iddialarına ilişkin Türkiye İşçi Partisi araştırma raporu.
250 ## - EDITION TABLOSU
Baskı Beyanı 1. Baskı: Kasım 2021.
260 ## - YAYIN, DAĞITIM, VB
Yayın, Dağıtım, Vb Yeri İstanbul :
Yayıncı, Dağıtıcı, Vs Adı İleri Kitaplığı Yayınevi,
Yayın, Dağıtım, Vb Tarihi 2021.
300 ## - FİZİKSEL TANIM
Kapsam 517 sayfa ;
Boyutlar 24 cm.
490 0# - SERİSİ TABLOSU
Seri Beyanı İleri Kitaplığı Yayınevi ;
Hacim / Ardışık Tanımı 11
500 ## - GENEL NOT
Genel Not Dizin vardır.
650 #0 - KONU KATMA GİRİŞ - TOPİKAL DÖNEM
9 (RLIN) 6726
Topikal Süreli Veya Coğrafi Ad Giriş Elemanı Örgütlü suç
650 #4 - KONU KATMA GİRİŞ - TOPİKAL DÖNEM
9 (RLIN) 1089
Topikal Süreli Veya Coğrafi Ad Giriş Elemanı Siyaset yönetimi
Kronolojik Alt Bölümü 21. yy
Coğrafi Alt Bölümü Türkiye
650 #0 - KONU KATMA GİRİŞ - TOPİKAL DÖNEM
9 (RLIN) 7462
Topikal Süreli Veya Coğrafi Ad Giriş Elemanı Derin Devlet
650 #4 - KONU KATMA GİRİŞ - TOPİKAL DÖNEM
9 (RLIN) 1054
Topikal Süreli Veya Coğrafi Ad Giriş Elemanı İç siyaset
Genel Alt Bölümü Görüşler324 2172
650 #0 - KONU KATMA GİRİŞ - TOPİKAL DÖNEM
9 (RLIN) 6727
Topikal Süreli Veya Coğrafi Ad Giriş Elemanı Mafya
650 #0 - KONU KATMA GİRİŞ - TOPİKAL DÖNEM
9 (RLIN) 5863
Topikal Süreli Veya Coğrafi Ad Giriş Elemanı Siyasal suçlar
700 ## - KATMA GİRİŞ - KİŞİSEL İSİM
9 (RLIN) 7463
Kişisel Ad Özgür, Bahadır
Relator Terim ortak yazar
700 ## - KATMA GİRİŞ - KİŞİSEL İSİM
9 (RLIN) 7464
Kişisel Ad Mavioğlu, Bahadır
Relator Terim ortak yazar
700 ## - KATMA GİRİŞ - KİŞİSEL İSİM
9 (RLIN) 7465
Kişisel Ad Özdal, Hakkı
Relator Terim ortak yazar
700 ## - KATMA GİRİŞ - KİŞİSEL İSİM
9 (RLIN) 7467
Kişisel Ad Soykan, Timur
Relator Terim ortak yazar
856 ## - ELEKTRONİK YER VE ERİŞİM
Kamu Notu Dijital Nüshası için Partimizin Kütüphane Sorumlusu ile iletişime geçiniz.
942 ## - EKLENDİ GİRİŞ ELEMANLARI (KOHA)
Sınıflandırma Veya Raf Düzeni Kaynak Dewey Decimal Classification
Koha Öğesi Türü Books
999 ## - SİSTEM KONTROL NUMARALARI (KOHA)
Koha Biblioitemnumber 15303
Holdings
Kalıcı Konum Mevcut Konum Edinme Tarihi Toplam Check-Out'Lar Tam Çağrı Numarası Barkod Tarih Son Görülme İtibaren Geçerli Fiyatlar Koha Öğesi Türü
CHP Kütüphanesi CHP Kütüphanesi 02/06/2024   603 Ş54D 2021 20892 02/06/2024 02/06/2024 Books